00342nam a2200145Ia 4500008004100000020001500041041001200056082001600068100001800084245004400102250000800146260002500154300000900179650000800188221030s9999 xx 000 0 und d a0074637282 aEnglish a105.23bMal aA. P. Malvino 0aElectronic Principlescby A. P. Malvino a6th bTMHaNew Delhic1999 a1012 aECE